| 000 | 00481nam a2200169 u 4500 | ||
|---|---|---|---|
| 001 | 000344116 | ||
| 003 | AM-YeHGA | ||
| 005 | 20250617131149.0 | ||
| 008 | 040216s1975 ai r 000 0 arm d | ||
| 040 | _aAM-YeHGA | ||
| 041 | 0 | _aarm | |
| 245 | 0 | 0 | _aՍովետական Հայաստան /. |
| 260 |
_aԵրևան : _bՀայաստան, _c1975. |
||
| 300 |
_a24 էջ : _bնկ. ; _c21 սմ. |
||
| 650 | 1 | 4 |
_aՊատմություն _zՍովետական Հայաստան |
| 090 | _c132283 | ||
| 999 |
_c130917 _d130917 |
||